000 00269 a2200133 4500
001 59394
020 _a
040 _cAnchieta - Pituba
240 1 0 _a100 anos de república
_lpor
245 1 0 _a100 anos de república
300 _a60
650 4 _aBrasil
942 _cBK
999 _c59394
_d59394